| 000 | 00370 a2200157 4500 | ||
|---|---|---|---|
| 001 | 71319 | ||
| 020 | _a853224503X | ||
| 040 | _cAnchieta - Colégio São Paulo | ||
| 100 | _aGaldino, Luiz | ||
| 240 | 1 | 0 |
_aOs doze trabalhos de Hércules _lpor |
| 245 | 1 | 0 | _aOs doze trabalhos de Hércules |
| 300 | _a71 | ||
| 362 | 0 | _a2000 | |
| 650 | 4 | _aLiteratura juvenil | |
| 942 | _cBK | ||
| 999 |
_c71319 _d71319 |
||